HUMAN ANATOMY & PHYSIOLOGY : Exclusive [prepared for D PHARMA [1st year students ] (Record no. 8787)

MARC details
000 -LEADER
fixed length control field 00450nam a22001577a 4500
005 - DATE AND TIME OF LATEST TRANSACTION
control field 20250904142141.0
008 - FIXED-LENGTH DATA ELEMENTS--GENERAL INFORMATION
fixed length control field 250904b |||||||| |||| 00| 0 eng d
020 ## - INTERNATIONAL STANDARD BOOK NUMBER
ISBN 978-93-7473-714-9
041 ## - LANGUAGE CODE
Language code of text/sound track or separate title eng
100 ## - MAIN ENTRY--AUTHOR NAME
Personal name KENJALE, SEEMA RAHUL
245 ## - TITLE STATEMENT
Title HUMAN ANATOMY & PHYSIOLOGY : Exclusive [prepared for D PHARMA [1st year students ]
260 ## - PUBLICATION, DISTRIBUTION, ETC. (IMPRINT)
Place of publication DELHI
Name of publisher AITBS PUBLISHERS INDIA
Year of publication 2025
300 ## - PHYSICAL DESCRIPTION
Number of Pages 276;P
650 ## - SUBJECT ADDED ENTRY--TOPICAL TERM
Topical Term PHARMACY
942 ## - ADDED ENTRY ELEMENTS (KOHA)
Koha item type Books
Holdings
Lost status Damaged status Collection code Home library Current library Shelving location Date acquired Source of acquisition Cost, normal purchase price Accession Number Koha item type
    PHARMACY JRU Library JRU Library NEW ARRIVAL SHELF 04/09/2025 DONATION 349.00 0066/D Books